00544nam a22001577a 450000500170000001000150001702000260003203500140005803700130007208200120008510000180009724500950011526000410021027001040025130000310035520190711173303.0 aENG-125881 a9789353433826c699.00 aEN-109413 bDBAD/PUB a610.730 aParwej, Saroj aComplete companion for B.Sc nursing GNM (general nursing and midwifery) :cby Saroj Parwez aNoidabPearson India Educationc2019 a15th Floor, Tower-B World Trade Tower, Plot No. 1 Block- C, Sector-16bNoida, Uttar Pradeshe201301 avarious paging.c25cm(pbk)